Programming Perl (Record no. 242)

MARC details
000 -LEADER
Fixed length control field 00513nam a2200193 4500
003 - CONTROL NUMBER IDENTIFIER
Control field SEACOMEC
005 - DATE AND TIME OF LATEST TRANSACTION
Control field 20231017090828.0
008 - FIXED-LENGTH DATA ELEMENTS--GENERAL INFORMATION
Fixed length control field 231017b |||||||| |||| 00| 0 eng d
020 ## - INTERNATIONAL STANDARD BOOK NUMBER / ISBN
Price Rs.675.00
040 ## - CATALOGING SOURCE
Original cataloging agency SEACOMEC
082 1# - DEWEY DECIMAL CLASSIFICATION NUMBER
Classification number 005.73
Book Number W187
100 1# - MAIN ENTRY--PERSONAL NAME
Personal name Watt, Larry
245 1# - TITLE STATEMENT
Title Programming Perl
Statement of responsibility Watt, Larry Christiansted Orwant Jon
250 ## - EDITION STATEMENT
Edition statement 3rd ed.
260 1# - IMPRINT
Place of publication Mumbai
Name of publisher Shroff
Date of publication 2004
650 ## - SUBJECT ADDED ENTRY--TOPICAL TERM
Topical term Computer science, Programming languages
700 ## - ADDED ENTRY--PERSONAL NAME
Personal name Tom Christians jon Orwant
942 ## - ADDED ENTRY ELEMENTS (KOHA)
Koha item type Books
Holdings
Withdrawn status Lost status Source of classification Damaged status Not for loan Home library Current library Date acquired Total Checkouts Call number Accession number Date last seen Price effective from Koha item type Copy number
    Dewey Decimal Classification     SEACOM ENGINEERING COLLEGE SEACOM ENGINEERING COLLEGE 01/06/2006   005.73 W187 00137 17/10/2023 17/10/2023 Books  
    Dewey Decimal Classification     SEACOM ENGINEERING COLLEGE SEACOM ENGINEERING COLLEGE 01/06/2006   005.73 W187 00138 17/10/2023 17/10/2023 Books 1
© Seacom Engineering College, All rights reserved.      Powered by Koha